LIBRARY & INFORMATION CENTRE, KCAET, TAVANUR

ONLINE PUBLIC ACCESS CATALOGUE (OPAC)

Standard refrigeration and air conditioning:questions and answers / (Record no. 10541)

MARC details
000 -LEADER
fixed length control field 00549cam a2200181ua 4500
020 ## - INTERNATIONAL STANDARD BOOK NUMBER
ISBN 0 07 099283 5
041 ## - LANGUAGE CODE
Language code of text/sound track or separate title eng
082 ## - DEWEY DECIMAL CLASSIFICATION NUMBER
Classification number 697.93
Item number ELO/ST
100 ## - MAIN ENTRY--AUTHOR NAME
Personal name Elonka, Stephen M .
245 ## - TITLE STATEMENT
Title Standard refrigeration and air conditioning:questions and answers /
260 ## - PUBLICATION, DISTRIBUTION, ETC. (IMPRINT)
Place of publication New Delhi :
Name of publisher Tata Mc-Graw Hill Publishing Company ,
Year of publication 1996.
300 ## - PHYSICAL DESCRIPTION
Number of Pages 427 :
Other physical details 506 ; .
700 1# - ADDED ENTRY--PERSONAL NAME
Personal name Minich, Quard W .
942 ## - ADDED ENTRY ELEMENTS (KOHA)
Koha item type Books
Holdings
Withdrawn status Lost status Damaged status Home library Current library Date acquired Full call number Accession Number Koha item type
      KAUAET KAUAET 07/04/2012 697.93 19958 Books
free website counter